Statystyki dla Gdzie działa najwięcej europejskich stacji telewizyjnych?

Kliknij tutaj aby rozwiązać quiz!

Ogólne statystyki

  • Ten quiz został rozwiązany 44 razy
  • Średni wynik to 8 z 10

Statystyki odpowiedzi

% na rynkuPaństwo% Poprawnych
6%Francja
97%
7%Hiszpania
97%
8%Niemcy
97%
22%Wielka Brytania
97%
5%Włochy
95%
10%Holandia
89%
4%Austria
78%
5%Czechy
73%
4%Rumunia
57%
3%Bułgaria
49%

Rozkład punktacji

Percentyl według liczby udzielonych odpowiedzi

Procent ludzi z każdym wynikiem

Twoja historia wyników

Nie rozwiązałeś tego quizu